000 00867cam a2200289 i 4500
005 20260322212051.0
008 data
010 _a 76021778r79
020 _a0471511722
020 _a9780471511724
050 0 _aHQ772
_b.R63
060 _aWS105 R746
090 _aHQ 772 R746r 1976
245 0 4 _aThe Role of the father in child development /
_cedited by Michael E. Lamb.
260 0 _aNew York :
_bWiley,
_cc1976.
300 _axii, 407 p. :
_bill. ;
_c24 cm.
440 0 _aWiley series on personality processes
500 _a"A Wiley-Interscience publication."
504 _aIncludes bibliographical references and index.
650 0 _aChild development.
650 0 _aFather and child.
650 2 _aFather-Child Relations.
650 2 _aPersonality Development.
650 2 _aChild Development.
700 1 _aLamb, Michael E.,
_d1953-
001 data
999 _c1213
_d1213